[Event "11th EUR-ch"]
[Site "Rijeka CRO"]
[Date "2010.03.11"]
[Round "6"]
[White "Kadric, Denis"]
[Black "Onoprienko, Vladimir"]
[Result "1-0"]
[WhiteElo "2171"]
[BlackElo "2346"]
[EventDate "2010.03.06"]
[PlyCount "73"]

1.e4 c5 2.Nf3 g6 3.d4 Bg7 4.c4 cxd4 5.Nxd4 Nc6 6.Be3 Qb6 7.Nb5 Qa5+ 8.N5c3
Nf6 9.Nd2 O-O 10.Be2 d6 11.O-O Bd7 12.c5 dxc5 13.Nb3 Qc7 14.Nxc5 Rad8 15.
Nxd7 Nxd7 16.Qb3 Nd4 17.Bxd4 Bxd4 18.Nb5 Qe5 19.Nxd4 Nc5 20.Nf3 Nxb3 21.
Nxe5 Nxa1 22.Rxa1 Rd2 23.Bc4 e6 24.b3 Rfd8 25.g3 Kf8 26.a4 Ke7 27.Rc1 Rd1+
28.Rxd1 Rxd1+ 29.Kg2 f6 30.Nd3 Kd6 31.Nf4 e5 32.Nd5 f5 33.exf5 gxf5 34.Ne3
Rb1 35.Nxf5+ Kc6 36.g4 a6 37.h4 1-0

[Event "11th EUR-ch"]
[Site "Rijeka CRO"]
[Date "2010.03.11"]
[Round "6"]
[White "Chubar, Vladimir"]
[Black "Raznikov, Danny"]
[Result "0-1"]
[WhiteElo "2114"]
[BlackElo "2331"]
[EventDate "2010.03.06"]
[PlyCount "68"]

1.Nf3 Nf6 2.d4 g6 3.Bg5 Bg7 4.Nbd2 O-O 5.e4 d6 6.c3 c5 7.dxc5 dxc5 8.Bc4 
Nc6 9.O-O Qc7 10.Re1 h6 11.Bh4 Nh5 12.Bg3 Nxg3 13.hxg3 Na5 14.Bf1 Be6 15.
Qa4 a6 16.Nb3 Nxb3 17.axb3 Bd7 18.Qa3 a5 19.Rad1 Rfc8 20.Bd3 a4 21.b4 cxb4
22.cxb4 Bg4 23.Rd2 Rd8 24.Rc2 Qb6 25.Bc4 Be6 26.Bxe6 Qxe6 27.Rc7 b5 28.Rc5
Rab8 29.e5 Qg4 30.e6 f5 31.Ne5 Bxe5 32.Rcxe5 Rd1 33.Qc3 Rbd8 34.Qc7 Qxb4 
0-1

[Event "11th EUR-ch"]
[Site "Rijeka CRO"]
[Date "2010.03.11"]
[Round "6"]
[White "Lorscheid, Gerhard"]
[Black "Sahitaj, Naim"]
[Result "1-0"]
[WhiteElo "2328"]
[BlackElo "1562"]
[EventDate "2010.03.06"]
[PlyCount "124"]

1.d4 Nf6 2.c4 g6 3.Nc3 Bg7 4.e4 d6 5.Be2 O-O 6.Bg5 h6 7.Be3 e5 8.d5 a5 9.
Qd2 Kh7 10.h4 Ng4 11.Bxg4 Bxg4 12.f3 Bd7 13.h5 g5 14.g4 a4 15.Nge2 Na6 16.
O-O Nc5 17.Kg2 Qf6 18.Qc2 Rfb8 19.b4 axb3 20.axb3 Na6 21.Rfb1 Nb4 22.Qd2 
c5 23.Nb5 Bxb5 24.cxb5 Qd8 25.Ra4 Ra5 26.Nc3 Rba8 27.Qe2 Bf6 28.Bf2 Qd7 
29.Rba1 Bd8 30.Nd1 Bb6 31.Ne3 Qe8 32.Kf1 Rxa4 33.bxa4 Ba5 34.Nc4 Qd8 35.
Nxa5 Rxa5 36.Be1 Qa8 37.Qd1 Qa7 38.Ke2 b6 39.Bc3 Qa8 40.Qb3 Qc8 41.Kd2 Ra7
42.Ra3 Rc7 43.Qc4 Kg7 44.Ra1 Qd8 45.Rc1 Ra7 46.Qb3 Qf6 47.Bxb4 cxb4 48.Rc6
Qf4+ 49.Ke2 Qh2+ 50.Kd3 Qf2 51.Qxb4 Qxf3+ 52.Kd2 Qxg4 53.Qxd6 Qf4+ 54.Kd1 
g4 55.Rc8 Qxe4 56.Qf8+ Kf6 57.Qxh6+ Kf5 58.Qh7+ Kf4 59.Qh6+ Kg3 60.Rc3+ 
Kh4 61.Qf6+ Kxh5 62.Qh8+ Kg6 1-0

[Event "11th EUR-ch"]
[Site "Rijeka CRO"]
[Date "2010.03.11"]
[Round "6"]
[White "Dubrovic, Mihovil"]
[Black "Plenca, Julijan"]
[Result "0-1"]
[WhiteElo "1849"]
[BlackElo "2323"]
[EventDate "2010.03.06"]
[PlyCount "70"]

1.b3 e5 2.Bb2 Nc6 3.e3 d5 4.Bb5 Bd6 5.f4 Qh4+ 6.g3 Qe7 7.Nf3 f6 8.Nc3 Be6 
9.Qe2 a6 10.Bxc6+ bxc6 11.Na4 e4 12.Nd4 Bd7 13.Nc3 c5 14.Qh5+ Qf7 15.Qxf7+
Kxf7 16.Nde2 Ne7 17.Ba3 h5 18.Kf2 h4 19.d3 exd3 20.cxd3 Rh5 21.Rag1 hxg3+ 
22.hxg3 Rah8 23.Rxh5 Rxh5 24.e4 d4 25.Nd1 Bg4 26.Rg2 Rh1 27.Nb2 Ra1 28.Nc4
Nc6 29.Nc1 Nb4 30.Rg1 Nc2 31.Bb2 Rb1 32.Rg2 Be6 33.Kg1 Ne1 34.Nxd6+ cxd6 
35.Rh2 Nf3+ 0-1

[Event "11th EUR-ch"]
[Site "Rijeka CRO"]
[Date "2010.03.11"]
[Round "6"]
[White "Pantaleoni, Claudio"]
[Black "Berbatov, Kiprian"]
[Result "0-1"]
[WhiteElo "2179"]
[BlackElo "2481"]
[EventDate "2010.03.06"]
[PlyCount "90"]

1.e4 c5 2.Nf3 d6 3.d4 cxd4 4.Nxd4 Nf6 5.Nc3 a6 6.f4 e6 7.Qf3 Qc7 8.Be3 b5 
9.Bd3 Bb7 10.a3 Be7 11.g4 Nc6 12.g5 Nd7 13.O-O g6 14.Rf2 Nxd4 15.Bxd4 O-O 
16.Qh3 e5 17.Be3 exf4 18.Bxf4 Ne5 19.Qg3 f6 20.h4 fxg5 21.hxg5 Rf7 22.Raf1
Raf8 23.Be3 Rxf2 24.Rxf2 Rxf2 25.Bxf2 Qd8 26.Be2 Bxg5 27.Bg4 Qe7 28.Nd5 
Bxd5 29.exd5 Qf6 30.Bd4 Nf3+ 31.Bxf3 Qxd4+ 32.Kh1 Qf4 33.Qxf4 Bxf4 34.b3 
Kg7 35.Be2 Bc1 36.c4 bxc4 37.Bxc4 h5 38.Bxa6 g5 39.a4 Bd2 40.Bc8 g4 41.Kg2
Kf6 42.Bd7 Kg5 43.Be6 h4 44.Bd7 h3+ 45.Kf2 Kh4 0-1

[Event "11th EUR-ch"]
[Site "Rijeka CRO"]
[Date "2010.03.11"]
[Round "6"]
[White "Astengo, Corrado"]
[Black "Rasulov, Vugar Ural Oglu"]
[Result "1/2-1/2"]
[WhiteElo "2136"]
[BlackElo "2457"]
[EventDate "2010.03.06"]
[PlyCount "102"]

1.e4 c5 2.Nf3 e6 3.d3 Nc6 4.g3 g6 5.Bg2 Bg7 6.O-O Nge7 7.c3 e5 8.Be3 d6 9.
d4 b6 10.dxe5 dxe5 11.Qxd8+ Nxd8 12.Nbd2 Ba6 13.Rfe1 Kd7 14.Rad1 Kc7 15.
Bf1 Bxf1 16.Nxf1 Ne6 17.Ng5 Nxg5 18.Bxg5 f6 19.Bc1 Rhd8 20.Ne3 Rxd1 21.
Rxd1 Rd8 22.Rxd8 Kxd8 23.Kf1 Kd7 24.Ke2 f5 25.f3 Ke6 26.Nc4 Nc8 27.Bd2 Bf8
28.a4 a6 29.Ne3 Nd6 30.Kd3 Bh6 31.c4 Bg5 32.b3 Bxe3 33.Bxe3 a5 34.Bg5 Nf7 
35.Be3 Nd8 36.Bg5 Nc6 37.f4 Kd7 38.exf5 gxf5 39.fxe5 Nxe5+ 40.Ke3 Nc6 41.
Bf6 Ke6 42.Bc3 Ne5 43.h3 Ng6 44.Kf3 Ne5+ 45.Ke3 Nc6 46.Bb2 Ne5 47.Bc3 Ng6 
48.Kf3 h5 49.Be1 Kf7 50.Bc3 Ke7 51.Bb2 Kd6 1/2-1/2

[Event "11th EUR-ch"]
[Site "Rijeka CRO"]
[Date "2010.03.11"]
[Round "6"]
[White "Lanzani, Mario"]
[Black "Spika, Ivica"]
[Result "1-0"]
[WhiteElo "2371"]
[BlackElo "2085"]
[EventDate "2010.03.06"]
[PlyCount "65"]

1.e4 Nf6 2.e5 Nd5 3.d4 d6 4.c4 Nb6 5.exd6 cxd6 6.Nc3 g6 7.Bd3 Bg7 8.Nge2 
O-O 9.b3 Nc6 10.d5 Nd4 11.Nxd4 Bxd4 12.Bd2 Nd7 13.O-O Bg7 14.Rc1 Nf6 15.h3
Bd7 16.Re1 Re8 17.Be3 a6 18.b4 a5 19.b5 b6 20.Qd2 Bc8 21.Ne2 Nd7 22.Nd4 
Nc5 23.Be2 Bb7 24.Bf3 Rc8 25.Rcd1 Rc7 26.Bg5 Qa8 27.Nc6 Bxc6 28.bxc6 Qa6 
29.Qc2 b5 30.cxb5 Qxb5 31.Be3 Qb2 32.Qxb2 Bxb2 33.Bxc5 1-0

[Event "11th EUR-ch"]
[Site "Rijeka CRO"]
[Date "2010.03.11"]
[Round "6"]
[White "Neagos, Raul-Alexandru"]
[Black "Bentivegna, Francesco"]
[Result "1/2-1/2"]
[WhiteElo "2100"]
[BlackElo "2361"]
[EventDate "2010.03.06"]
[PlyCount "69"]

1.e4 d5 2.exd5 Qxd5 3.Nc3 Qa5 4.Bc4 Nf6 5.h3 c6 6.Nf3 Bf5 7.O-O Nbd7 8.Rb1
e6 9.a3 Be7 10.b4 Qc7 11.d3 O-O 12.Qe2 Rfe8 13.Bb2 Nd5 14.Qd2 Rad8 15.Rfe1
h6 16.Ne4 Bf8 17.Bb3 e5 18.Nh4 Bh7 19.g4 Nf4 20.Qe3 Nb6 21.Qg3 Kh8 22.Nf3 
f6 23.h4 Nbd5 24.Kh2 Qd7 25.Rbd1 h5 26.c4 Ne7 27.d4 Qxg4 28.dxe5 Rxd1 29.
Bxd1 Nf5 30.Qxg4 hxg4 31.Nd4 Nd3 32.Nxf5 Bxf5 33.Ng3 Nxb2 34.Nxf5 fxe5 35.
Ng3 1/2-1/2

[Event "11th EUR-ch"]
[Site "Rijeka CRO"]
[Date "2010.03.11"]
[Round "6"]
[White "Piro, Valerio"]
[Black "Ramesa, Davor"]
[Result "0-1"]
[WhiteElo "2067"]
[BlackElo "2339"]
[EventDate "2010.03.06"]
[PlyCount "66"]

1.Nf3 Nf6 2.c4 g6 3.Nc3 Bg7 4.g3 O-O 5.Bg2 d6 6.O-O e5 7.d3 Nc6 8.Rb1 h6 
9.b4 Be6 10.b5 Ne7 11.a4 Rb8 12.Be3 b6 13.a5 Ng4 14.axb6 axb6 15.Bd2 Qd7 
16.h3 Nf6 17.Kh2 Nh5 18.Ne1 f5 19.Nc2 Rf7 20.Nb4 e4 21.f4 exf3 22.Bxf3 f4 
23.g4 Ng3 24.Re1 h5 25.e3 hxg4 26.hxg4 g5 27.exf4 gxf4 28.Ne4 Nxe4 29.Rxe4
Ng6 30.Qe2 Nh4 31.Bxf4 Rxf4 32.Rxe6 Nxf3+ 33.Kg2 Ne5 0-1

[Event "11th EUR-ch"]
[Site "Rijeka CRO"]
[Date "2010.03.11"]
[Round "6"]
[White "Sandalakis, Angelos"]
[Black "Klasan, Elvis"]
[Result "1-0"]
[WhiteElo "2319"]
[BlackElo "1995"]
[EventDate "2010.03.06"]
[PlyCount "57"]

1.e4 e5 2.Nf3 Nc6 3.Bb5 d6 4.c3 Bg4 5.h3 Bxf3 6.Qxf3 a6 7.Ba4 Be7 8.d4 
exd4 9.cxd4 b5 10.Bb3 Bf6 11.e5 Nxd4 12.Qd5 Nxb3 13.exf6 Nxf6 14.Qxb3 O-O 
15.O-O Qd7 16.Nc3 h6 17.Be3 Rfe8 18.Rac1 c6 19.Rfd1 Re6 20.Ne2 Re4 21.Ng3 
Re6 22.Qc3 d5 23.Bd4 Rae8 24.Bxf6 Rxf6 25.Nh5 Rg6 26.Qxg7+ Rxg7 27.Nf6+ 
Kf8 28.Nxd7+ Ke7 29.Ne5 1-0

[Event "11th EUR-ch"]
[Site "Rijeka CRO"]
[Date "2010.03.11"]
[Round "6"]
[White "Kunze, Carlo"]
[Black "Partys, Petr"]
[Result "1-0"]
[WhiteElo "2306"]
[BlackElo "1977"]
[EventDate "2010.03.06"]
[PlyCount "47"]

1.d4 Nf6 2.c4 c5 3.d5 b5 4.cxb5 e6 5.Nc3 exd5 6.Nxd5 Bb7 7.e4 Nxe4 8.Bc4 
Nd6 9.Qe2+ Be7 10.Bg5 f6 11.Bf4 Nxc4 12.Qxc4 d6 13.O-O-O Nd7 14.Nxe7 Qxe7 
15.Bxd6 Ne5 16.Qc2 Qe6 17.Nf3 Bxf3 18.gxf3 Kf7 19.f4 Nf3 20.f5 Qxa2 21.Qe4
Rhe8 22.Qxf3 Qa1+ 23.Kc2 Qa4+ 24.Qb3+ 1-0

[Event "11th EUR-ch"]
[Site "Rijeka CRO"]
[Date "2010.03.11"]
[Round "6"]
[White "Papadakis, Michalis"]
[Black "Dubrovic, Gabriel"]
[Result "1-0"]
[WhiteElo "2244"]
[BlackElo "1606"]
[EventDate "2010.03.06"]
[PlyCount "95"]

1.d4 d5 2.c4 e6 3.Nc3 Nf6 4.Bg5 Be7 5.e3 O-O 6.cxd5 exd5 7.Bd3 h6 8.Bh4 c6
9.Nge2 Ne4 10.Bxe7 Qxe7 11.O-O Bf5 12.Rc1 Nd7 13.Nxe4 dxe4 14.Bb1 Bg4 15.
f3 exf3 16.Qd3 f2+ 17.Rxf2 g6 18.Ng3 Rae8 19.h3 Bxh3 20.gxh3 Qxe3 21.Qxe3 
Rxe3 22.Rc3 Re1+ 23.Rf1 Rfe8 24.Rc1 Rxc1 25.Rxc1 Re3 26.Kf2 Re6 27.Rc3 f5 
28.Ne2 Kf7 29.Ra3 a6 30.Re3 Rxe3 31.Kxe3 a5 32.Nc3 Ke6 33.a4 Nb6 34.Ba2+ 
Kf6 35.Kf3 Ke7 36.Bb3 Kf6 37.h4 g5 38.h5 Ke7 39.Nd1 Kf6 40.Ne3 Nd7 41.Bc2 
c5 42.Nxf5 cxd4 43.Nxh6 Ne5+ 44.Ke4 g4 45.Kxd4 Nf3+ 46.Ke3 Ne1 47.Nxg4+ 
Kg5 48.Be4 1-0

[Event "11th EUR-ch"]
[Site "Rijeka CRO"]
[Date "2010.03.11"]
[Round "6"]
[White "Monjac, Mislav"]
[Black "Malachi, Avraham"]
[Result "0-1"]
[WhiteElo "1876"]
[BlackElo "2188"]
[EventDate "2010.03.06"]
[PlyCount "38"]

1.e4 e5 2.Nf3 Nc6 3.Bc4 Bc5 4.c3 Nf6 5.d3 a6 6.Bb3 Ba7 7.Nbd2 h6 8.Nf1 O-O
9.h3 d5 10.Qe2 Be6 11.Bc2 b5 12.g4 dxe4 13.dxe4 Bc4 14.Qd2 Qe7 15.g5 Rad8 
16.gxf6 Qxf6 17.Bd3 Rxd3 18.Qc2 Qxf3 19.Rg1 Bxf2+ 0-1

[Event "11th EUR-ch"]
[Site "Rijeka CRO"]
[Date "2010.03.11"]
[Round "6"]
[White "Tassopoulos, Marios"]
[Black "Gradiser, Dragoljub"]
[Result "1-0"]
[WhiteElo "2245"]
[BlackElo "1954"]
[EventDate "2010.03.06"]
[PlyCount "105"]

1.e4 e6 2.d4 d5 3.Nd2 c5 4.Ngf3 cxd4 5.exd5 Qxd5 6.Bc4 Qd6 7.O-O Nf6 8.Nb3
Nc6 9.Nbxd4 Nxd4 10.Nxd4 Bd7 11.c3 Be7 12.Qe2 O-O 13.Rd1 Qb8 14.Nf3 Bc6 
15.Ne5 Be4 16.Bf4 Qc8 17.Nd7 Nxd7 18.Qxe4 Nf6 19.Qe2 h6 20.Bb3 Qc6 21.Rd3 
Qe4 22.Qxe4 Nxe4 23.Rd4 Nc5 24.Bc2 Rad8 25.Rad1 Rxd4 26.Rxd4 Rd8 27.Rxd8+ 
Bxd8 28.Kf1 Kf8 29.Bd6+ Be7 30.Bb8 a5 31.Ke2 Ke8 32.Bd3 Nxd3 33.Kxd3 Kd7 
34.Kc4 Kc6 35.a4 b6 36.Be5 f6 37.Bf4 g5 38.Be3 e5 39.b4 f5 40.b5+ Kc7 41.
f3 f4 42.Bf2 e4 43.fxe4 g4 44.Kd3 Bd6 45.Bd4 h5 46.e5 Bf8 47.Ke4 Bh6 48.
Kf5 Kd7 49.Bxb6 g3 50.hxg3 fxg3 51.Bc5 Bd2 52.e6+ Ke8 53.b6 1-0

[Event "11th EUR-ch"]
[Site "Rijeka CRO"]
[Date "2010.03.11"]
[Round "6"]
[White "Ofstad, Per"]
[Black "Jokic, Miljenko"]
[Result "1-0"]
[WhiteElo "2197"]
[BlackElo "1949"]
[EventDate "2010.03.06"]
[PlyCount "127"]

1.Nf3 f5 2.d4 e6 3.g3 Nf6 4.Nbd2 Be7 5.Bg2 O-O 6.Ne5 d6 7.Nd3 Nbd7 8.O-O 
e5 9.c3 e4 10.Nf4 Nb6 11.e3 Qe8 12.c4 g5 13.Ne2 Be6 14.d5 Bf7 15.Nd4 Qc8 
16.b3 Ng4 17.Bb2 c5 18.dxc6 bxc6 19.Qc2 Bg6 20.Rad1 c5 21.Nb5 a6 22.Nc3 
Ra7 23.Ndb1 Qe6 24.Nd5 Nxd5 25.Rxd5 Bf7 26.h3 Ne5 27.Bxe5 dxe5 28.Rfd1 Bh5
29.R1d2 Bf3 30.Qc3 Bf6 31.Bxf3 exf3 32.e4 fxe4 33.Kh2 h5 34.Qe3 Qf5 35.Nc3
Be7 36.Qxe4 Qf7 37.Rd7 Rxd7 38.Rxd7 Rd8 39.Qd3 Rxd7 40.Qxd7 Bf8 41.Qd5 
Qxd5 42.Nxd5 Kf7 43.g4 h4 44.Nc3 Ke6 45.Ne4 Be7 46.Kg1 Kd7 47.Kf1 Kc6 48.
Ke1 Kb6 49.Kd2 Ka5 50.Nc3 Bd6 51.Ne4 Be7 52.a3 Kb6 53.Ke3 a5 54.Kxf3 a4 
55.bxa4 Ka5 56.Nc3 e4+ 57.Kxe4 Bf6 58.Nd5 Bd4 59.f4 gxf4 60.Nxf4 Kxa4 61.
Ne6 Bc3 62.g5 Kxa3 63.g6 Kb4 64.Kd5 1-0

[Event "11th EUR-ch"]
[Site "Rijeka CRO"]
[Date "2010.03.11"]
[Round "6"]
[White "Nakas, Spyridon"]
[Black "Elkin, Leonid"]
[Result "0-1"]
[WhiteElo "1934"]
[BlackElo "2189"]
[EventDate "2010.03.06"]
[PlyCount "82"]

1.e4 c5 2.Nf3 d6 3.d4 cxd4 4.Nxd4 Nf6 5.Nc3 g6 6.Be3 Bg7 7.Be2 O-O 8.Qd2 
Nc6 9.O-O-O d5 10.exd5 Nxd5 11.Nxd5 Nxd4 12.Bxd4 Qxd5 13.Bxg7 Qxd2+ 14.
Rxd2 Kxg7 15.Bf3 Rb8 16.Rhd1 b6 17.c4 a5 18.b3 Bb7 19.Bxb7 Rxb7 20.Rd7 
Rxd7 21.Rxd7 Rb8 22.Kc2 Kf6 23.Kc3 e5 24.Rd5 Kf5 25.Rb5 Ke4 26.c5 Rc8 27.
Kc4 Rxc5+ 28.Rxc5 bxc5 29.Kb5 Kd3 30.Kxa5 e4 31.Kb6 Ke2 32.a4 Kxf2 33.a5 
e3 34.a6 e2 35.a7 e1=Q 36.a8=Q Qb4+ 37.Kc7 Qxb3 38.Kd6 c4 39.Qa7+ Kxg2 40.
Qxf7 Qd3+ 41.Kc5 Qf5+ 0-1

[Event "11th EUR-ch"]
[Site "Rijeka CRO"]
[Date "2010.03.11"]
[Round "6"]
[White "Krauss, Josef"]
[Black "Camber, Ivan"]
[Result "1-0"]
[WhiteElo "2100"]
[BlackElo "1911"]
[EventDate "2010.03.06"]
[PlyCount "45"]

1.e4 c6 2.Nf3 d5 3.Nc3 Bg4 4.h3 Bh5 5.exd5 cxd5 6.Bb5+ Nc6 7.g4 Bg6 8.Ne5 
Rc8 9.d4 e6 10.Qe2 Qe7 11.a3 a6 12.Nxc6 bxc6 13.Bxa6 Ra8 14.b4 Bxc2 15.b5 
Bb3 16.bxc6 Qc7 17.Rb1 Ba4 18.Nxa4 Qa5+ 19.Bd2 Qxa6 20.Qxa6 Rxa6 21.Rb8+ 
Ke7 22.c7 Rc6 23.c8=Q 1-0

[Event "11th EUR-ch"]
[Site "Rijeka CRO"]
[Date "2010.03.11"]
[Round "6"]
[White "Burstein, Almog"]
[Black "Pejic, Igor"]
[Result "1/2-1/2"]
[WhiteElo "2100"]
[BlackElo "1900"]
[EventDate "2010.03.06"]
[PlyCount "88"]

1.e4 c6 2.d4 d5 3.Nc3 dxe4 4.Nxe4 Bf5 5.Ng3 Bg6 6.h4 h6 7.Nf3 Nd7 8.h5 Bh7
9.Bd3 Bxd3 10.Qxd3 Qc7 11.Bd2 e6 12.Ne4 Ngf6 13.g3 Nxe4 14.Qxe4 Nf6 15.Qe2
O-O-O 16.O-O-O Rd5 17.Bf4 Bd6 18.Bxd6 Rxd6 19.Ne5 Rhd8 20.c3 c5 21.dxc5 
Rxd1+ 22.Rxd1 Rxd1+ 23.Kxd1 Qxc5 24.Nxf7 Qd5+ 25.Kc1 Qxa2 26.Nd6+ Kc7 27.
Qe5 Kc6 28.Nf7 Qa1+ 29.Kc2 Qa4+ 30.Kd2 Qb3 31.Qd6+ Kb5 32.Kc1 Qd5 33.Qb4+ 
Kc6 34.Qa4+ Kb6 35.Qb4+ Kc6 36.Qe7 Qh1+ 37.Kc2 Qe4+ 38.Kd2 Qd5+ 39.Ke1 
Qe4+ 40.Kd2 Qd5+ 41.Kc2 Qe4+ 42.Kb3 Qd5+ 43.Kc2 Qe4+ 44.Kc1 Qh1+ 1/2-1/2

[Event "11th EUR-ch"]
[Site "Rijeka CRO"]
[Date "2010.03.11"]
[Round "6"]
[White "Jambresic, Jurica"]
[Black "Levine, Yonatan"]
[Result "0-1"]
[WhiteElo "1877"]
[BlackElo "2096"]
[EventDate "2010.03.06"]
[PlyCount "62"]

1.e4 d6 2.d4 Nf6 3.Nc3 g6 4.g3 Bg7 5.Bg2 O-O 6.Nge2 e5 7.O-O Nc6 8.d5 Ne7 
9.Bg5 h6 10.Be3 Kh7 11.Qd3 Ng4 12.Bd2 f5 13.f4 c6 14.h3 fxe4 15.Nxe4 cxd5 
16.hxg4 dxe4 17.Qxe4 d5 18.Qe3 Bxg4 19.Bf3 Nf5 20.Qb3 Bxf3 21.Rxf3 e4 22.
Rff1 Qd7 23.Kg2 d4 24.Rh1 Qc6 25.Be1 d3 26.Ng1 e3+ 27.Kh2 d2 28.g4 Nd4 29.
Qd3 dxe1=Q 30.Rxe1 Rxf4 31.Qxe3 Raf8 0-1

[Event "11th EUR-ch"]
[Site "Rijeka CRO"]
[Date "2010.03.11"]
[Round "6"]
[White "Gandolfi, Gianfranco"]
[Black "Reinwald, Patrick"]
[Result "0-1"]
[WhiteElo "1780"]
[BlackElo "2091"]
[EventDate "2010.03.06"]
[PlyCount "96"]

1.e4 e5 2.Nf3 Nc6 3.Bc4 Nf6 4.d4 exd4 5.e5 d5 6.Bb5 Ne4 7.Nxd4 Bd7 8.Bxc6 
bxc6 9.O-O Bc5 10.Be3 Bb6 11.f3 Ng5 12.f4 Ne4 13.Nd2 Nxd2 14.Qxd2 c5 15.
Nf3 d4 16.Bf2 Bc6 17.Bh4 Qd7 18.f5 Qxf5 19.Nxd4 Qd7 20.Nf3 Qxd2 21.Nxd2 
c4+ 22.Kh1 c3 23.bxc3 Ba5 24.Nf3 Bxc3 25.Rad1 Bb5 26.Rf2 Bc4 27.a4 h6 28.
Nd2 Be6 29.Bg3 O-O-O 30.Bf4 g5 31.Be3 Bd4 32.Bxd4 Rxd4 33.Ra1 Rhd8 34.Nf3 
Rd1+ 35.Rf1 Rxa1 36.Rxa1 g4 37.Ne1 Rd2 38.Rc1 Bd5 39.c3 Be4 40.Ra1 h5 41.
Kg1 Kd7 42.Ra3 Bd5 43.a5 Re2 44.Ra1 Bc4 45.Rd1+ Ke6 46.Nd3 Bxd3 47.Rxd3 
Ra2 48.Re3 Rxa5 0-1

[Event "11th EUR-ch"]
[Site "Rijeka CRO"]
[Date "2010.03.11"]
[Round "6"]
[White "Lekic, Lazar"]
[Black "Hetzer, Volkhard"]
[Result "0-1"]
[WhiteElo "1739"]
[BlackElo "2086"]
[EventDate "2010.03.06"]
[PlyCount "46"]

1.e4 d6 2.d4 e5 3.Nf3 exd4 4.Qxd4 Nc6 5.Bb5 Bd7 6.Qd3 Nf6 7.Nc3 Be7 8.Bf4 
O-O 9.O-O-O a6 10.Bxc6 Bxc6 11.Nd4 Bd7 12.Nf5 Bxf5 13.exf5 Nd7 14.h4 Bf6 
15.g4 Bxc3 16.Qxc3 Re8 17.g5 Re4 18.Qg3 Nc5 19.h5 Qd7 20.Qg4 Qa4 21.Rh4 
Qxa2 22.Rdh1 Rae8 23.Kd1 Rd4+ 0-1

[Event "11th EUR-ch"]
[Site "Rijeka CRO"]
[Date "2010.03.11"]
[Round "6"]
[White "Bozinovic, Boban"]
[Black "Di Lazzaro, Gabriele"]
[Result "0-1"]
[WhiteElo "2086"]
[BlackElo "1898"]
[EventDate "2010.03.06"]
[PlyCount "128"]

1.e4 c5 2.Nf3 g6 3.d4 cxd4 4.Nxd4 Nc6 5.Nc3 Bg7 6.Be3 Nf6 7.Bc4 O-O 8.f3 
Qb6 9.e5 Nxe5 10.Bb3 Qa5 11.Qd2 d6 12.O-O-O Bd7 13.Kb1 Rac8 14.Nd5 Qd8 15.
h4 Nxd5 16.Bxd5 Nc4 17.Bxc4 Rxc4 18.h5 g5 19.Qd3 Qc8 20.g4 h6 21.Ne2 Rb4 
22.Nd4 a6 23.c3 Rc4 24.Rc1 b5 25.b3 Rc7 26.Rhg1 Be6 27.Nf5 Bxf5 28.gxf5 
Rxc3 29.Rxc3 Qxc3 30.Qxc3 Bxc3 31.f4 f6 32.Kc2 Ba5 33.Kd3 Rc8 34.Bd4 Kf7 
35.Rf1 Rc6 36.fxg5 fxg5 37.a4 Bd8 38.axb5 axb5 39.Ra1 Rc8 40.Ra7 Rb8 41.
Bb2 Bb6 42.Ra6 Bf2 43.Ra5 g4 44.Ke2 g3 45.Kf3 e6 46.fxe6+ Kxe6 47.Ra2 Rf8+
48.Kg2 Rf5 49.Bc1 Rxh5 50.Kf3 Rf5+ 51.Kg2 h5 52.Re2+ Re5 53.Rc2 Kf5 54.Rc8
d5 55.Kf3 d4 56.Rf8+ Ke6 57.Re8+ Kd5 58.Rd8+ Kc6 59.Rc8+ Kb7 60.Rd8 Be3 
61.Bb2 Rg5 62.Kg2 h4 63.Rh8 Rf5 64.Rh7+ Kc6 0-1

[Event "11th EUR-ch"]
[Site "Rijeka CRO"]
[Date "2010.03.11"]
[Round "6"]
[White "Schweitzer, Werner"]
[Black "Winkler, Stefan"]
[Result "0-1"]
[WhiteElo "2069"]
[BlackElo "1855"]
[EventDate "2010.03.06"]
[PlyCount "148"]

1.e4 e6 2.d4 d5 3.Nd2 Nf6 4.e5 Nfd7 5.Bd3 c5 6.c3 Nc6 7.Ne2 cxd4 8.cxd4 f6
9.Nf4 Qe7 10.exf6 Qxf6 11.Nf3 Bb4+ 12.Kf1 g6 13.Qe2 Nb6 14.Be3 Bd7 15.Nh3 
Qg7 16.a3 Be7 17.Rc1 Bf6 18.Qd2 Qe7 19.Nf4 Qg7 20.Ne2 Nc8 21.Bh6 Qe7 22.
Nf4 Rg8 23.Re1 Nb6 24.h4 O-O-O 25.Ne2 Qf7 26.b4 Kb8 27.b5 Ne7 28.Bf4+ Ka8 
29.Ne5 Qe8 30.a4 Bxe5 31.Bxe5 Nc4 32.Bxc4 dxc4 33.Qb4 Rc8 34.Nc3 Qf7 35.b6
Nc6 36.Qd6 Nxe5 37.Rxe5 Rc6 38.Qb4 Rxb6 39.Nb5 Rf8 40.Qe1 Bc6 41.Rxe6 Qf4 
42.Re3 a6 43.d5 Bxb5 44.axb5 Rxb5 45.Rhh3 Rd8 46.Re4 Qf5 47.d6 Rxd6 48.Rf3
Qd5 49.Rf8+ Ka7 50.Qe3+ Qc5 51.Rxc4 Qxe3 52.fxe3 Rd2 53.Kg1 Rb1+ 54.Kh2 
Rbb2 55.Rg4 Kb6 56.Rg5 Ra2 57.Rf6+ Kc7 58.Rf7+ Rd7 59.Rf6 b5 60.h5 gxh5 
61.Rxh5 Rg7 62.Kh3 b4 63.Rc5+ Kb7 64.Rcc6 Ra1 65.Rb6+ Ka7 66.g3 Ra4 67.
Rfe6 Rb7 68.Rxb7+ Kxb7 69.Re7+ Kc6 70.Re8 Kc5 71.Rb8 Kc4 72.e4 b3 73.e5 
Rb4 74.Rc8+ Kd5 0-1

[Event "11th EUR-ch"]
[Site "Rijeka CRO"]
[Date "2010.03.11"]
[Round "6"]
[White "Mravic, Filip"]
[Black "Guidi, Maurizio"]
[Result "1-0"]
[WhiteElo "1718"]
[BlackElo "2050"]
[EventDate "2010.03.06"]
[PlyCount "113"]

1.Nf3 g6 2.c4 b6 3.Nc3 Bb7 4.e4 d6 5.d4 Bg7 6.Bd3 Nd7 7.Be3 e6 8.Qd2 h6 9.
O-O Ne7 10.Ne1 a6 11.f4 f5 12.e5 d5 13.c5 bxc5 14.dxc5 O-O 15.Nf3 Nc6 16.
Ne2 Qe7 17.b4 g5 18.g3 g4 19.Nfd4 Nxd4 20.Nxd4 c6 21.Nb3 Rfc8 22.Bd4 h5 
23.a4 Nf8 24.b5 axb5 25.axb5 cxb5 26.Bxb5 Ng6 27.Qc3 Qc7 28.Rxa8 Bxa8 29.
Ra1 Ne7 30.Na5 Nc6 31.Nxc6 Bxc6 32.Bxc6 Qxc6 33.Qb4 Bf8 34.Ra5 Rc7 35.Qb6 
Kf7 36.Ra6 Qd7 37.c6 Qe7 38.Ra8 Kg6 39.Kf2 h4 40.Ke2 h3 41.Kd3 Qb4 42.Qxb4
Bxb4 43.Ra6 Kf7 44.Kc2 Be1 45.Bg1 Rc8 46.Kd3 Ke7 47.Kd4 Rb8 48.Ra7+ Ke8 
49.Rb7 Ra8 50.Kc5 Kd8 51.Kd6 Kc8 52.Rh7 Bb4+ 53.Bc5 Bxc5+ 54.Kxc5 Ra2 55.
Kd6 Kb8 56.Rh8+ Ka7 57.c7 1-0

[Event "11th EUR-ch"]
[Site "Rijeka CRO"]
[Date "2010.03.11"]
[Round "6"]
[White "Lazic, Dusko"]
[Black "Russo, Carmelo"]
[Result "1-0"]
[WhiteElo "2046"]
[BlackElo "1714"]
[EventDate "2010.03.06"]
[PlyCount "65"]

1.e4 c6 2.Nf3 d5 3.Nc3 dxe4 4.Nxe4 Bg4 5.Bc4 Nd7 6.Bxf7+ Kxf7 7.Nfg5+ Ke8 
8.Qxg4 Ndf6 9.Qe2 h6 10.Ne6 Qb6 11.N4c5 h5 12.d4 Nh6 13.Qd3 Kf7 14.O-O 
Nhg4 15.Ng5+ Kg8 16.Qf5 Rh6 17.Qe6+ Kh8 18.Nf7+ Kh7 19.Bxh6 Nxh6 20.Nxh6 
Kxh6 21.b3 Rd8 22.Qe3+ Kh7 23.Qd3+ Kg8 24.Ne6 Re8 25.Qg6 Rc8 26.Rae1 Qb4 
27.Ng5 Rd8 28.Re6 Rd5 29.Qf7+ Kh8 30.Qxf8+ Ng8 31.Rg6 Qxd4 32.Ne6 Rd6 33.
Rxg7 1-0

[Event "11th EUR-ch"]
[Site "Rijeka CRO"]
[Date "2010.03.11"]
[Round "6"]
[White "Mateta, Marin"]
[Black "Hayes, Peter"]
[Result "0-1"]
[WhiteElo "1687"]
[BlackElo "2046"]
[EventDate "2010.03.06"]
[PlyCount "72"]

1.e4 e6 2.Nf3 d5 3.e5 c5 4.c3 Nc6 5.Bb5 Qb6 6.Na3 Bd7 7.Bxc6 Bxc6 8.O-O 
Nh6 9.d4 O-O-O 10.Rb1 Be7 11.dxc5 Qxc5 12.Be3 Qa5 13.Bg5 Bxg5 14.Nxg5 d4 
15.Qe1 d3 16.Nc4 Qd5 17.Ne3 Qxe5 18.f4 Qd6 19.Qd2 f6 20.Nh3 Nf5 21.Nc4 
Qc5+ 22.Kh1 Qxc4 23.b3 Qd5 24.Rf2 h5 25.c4 Qd4 26.Re1 Rd6 27.Ng1 h4 28.Nf3
Ng3+ 29.Kg1 Bxf3 30.gxf3 Ne2+ 31.Rxe2 dxe2 32.Qxe2 h3 33.Qe4 Qxe4 34.fxe4 
Rd1+ 35.Rf1 Rxf1+ 36.Kxf1 Rh4 0-1

[Event "11th EUR-ch"]
[Site "Rijeka CRO"]
[Date "2010.03.11"]
[Round "6"]
[White "Porfireanu, Serban"]
[Black "Plenca, Jadranko"]
[Result "1-0"]
[WhiteElo "2034"]
[BlackElo "1718"]
[EventDate "2010.03.06"]
[PlyCount "27"]

1.e4 e5 2.Nf3 Nc6 3.Bc4 Nf6 4.d3 Bc5 5.O-O d5 6.exd5 Nxd5 7.h3 Nb6 8.Bb3 
O-O 9.Nc3 Kh8 10.Ng5 Qd7 11.Qh5 h6 12.Nxf7+ Kh7 13.Bxh6 Qf5 14.Ng5+ 1-0

[Event "11th EUR-ch"]
[Site "Rijeka CRO"]
[Date "2010.03.11"]
[Round "6"]
[White "Stefan, Mario"]
[Black "Tica, Sven"]
[Result "1/2-1/2"]
[WhiteElo "1968"]
[BlackElo "1562"]
[EventDate "2010.03.06"]
[PlyCount "63"]

1.e4 e5 2.Nf3 Nc6 3.Bc4 Nf6 4.Ng5 d5 5.exd5 Na5 6.Bb5+ c6 7.dxc6 Nxc6 8.
Qe2 Nd7 9.Bxc6 bxc6 10.d4 Be7 11.Nf3 exd4 12.Nxd4 Qb6 13.Bg5 Nf6 14.Bxf6 
gxf6 15.Qc4 c5 16.Qb5+ Bd7 17.Qxb6 axb6 18.Nf3 Rg8 19.g3 Bc6 20.Nbd2 Kd7 
21.c4 Bd6 22.O-O Rge8 23.Rfe1 Rxe1+ 24.Nxe1 f5 25.f4 Be7 26.Nef3 Bf6 27.
Ne5+ Bxe5 28.fxe5 Ke6 29.Kf2 Kxe5 30.Ke3 Re8 31.Kd3 Rd8+ 32.Kc3 1/2-1/2

[Event "11th EUR-ch"]
[Site "Rijeka CRO"]
[Date "2010.03.11"]
[Round "6"]
[White "Dujic, Davor"]
[Black "Durandeau, Jean-Marie"]
[Result "0-1"]
[WhiteElo "1598"]
[BlackElo "2040"]
[EventDate "2010.03.06"]
[PlyCount "82"]

1.e4 c6 2.d4 d5 3.Nc3 b5 4.e5 Bf5 5.Bd3 Bxd3 6.Qxd3 e6 7.Nf3 Nd7 8.Ne2 Qb6
9.O-O c5 10.c3 h6 11.h3 Ne7 12.Nh2 Nc6 13.Rd1 a5 14.f4 g6 15.g4 cxd4 16.
cxd4 h5 17.f5 Ncxe5 18.Qe3 Nc4 19.Qf3 hxg4 20.hxg4 Nde5 21.Qf2 Rxh2 22.Qf1
Rh4 23.Qf2 Rxg4+ 24.Kf1 gxf5 25.dxe5 Qxf2+ 26.Kxf2 Bc5+ 27.Kf1 Nxe5 28.Bf4
Ng6 29.Bg3 Ke7 30.Bf2 Bxf2 31.Kxf2 Rh8 32.Rh1 Rxh1 33.Rxh1 b4 34.b3 Kd6 
35.Rh7 Ne5 36.Rh3 f4 37.Nd4 f3 38.Nxf3 Rf4 39.Ke2 Rxf3 40.Rxf3 Nxf3 41.
Kxf3 e5 0-1